Foundations of neural networks

Sparad:
Bibliografiska uppgifter
Huvudupphovsman: Khanna, Tarun
Materialtyp: Bok
Språk:Undetermined
Publicerad: Reading, Mass. Addison-Wesley 1990
Ämnen:
Taggar: Lägg till en tagg
Inga taggar, Lägg till första taggen!
Thư viện lưu trữ: Trung tâm Học liệu Trường Đại học Cần Thơ
LEADER 00522nam a2200193Ia 4500
001 CTU_149122
008 210402s9999 xx 000 0 und d
082 |a 006.3 
082 |b K45 
100 |a Khanna, Tarun 
245 0 |a Foundations of neural networks 
245 0 |c Tarun Khanna 
260 |a Reading, Mass. 
260 |b Addison-Wesley 
260 |c 1990 
650 |a Neural networks (Computer science) 
650 |z Neural computers 
904 |i Giang 
980 |a Trung tâm Học liệu Trường Đại học Cần Thơ